000 00517pab a2200181 454500
008 180718b2012 xxu||||| |||| 00| 0 eng d
100 _aPhelps, Edward
245 _aUnderstanding electoral turnout among British young people: A review of the literature
260 _c2012
300 _ap.281-299.
362 _aJan
650 _aElections - Great Britain
650 _aYouth participation - Great Britain
650 _aYouth participation
773 _aParliamentary Affairs
908 _aN
909 _a96073
999 _c96073
_d96073